| 000 | 00484nam a2200193Ia 4500 | ||
|---|---|---|---|
| 003 | GCL | ||
| 008 | 140319s9999 xx 000 0 eng d | ||
| 040 |
_aGCL / _cGCL |
||
| 082 | 0 | 4 |
_a330 _bG E |
| 100 | 1 | _aGRANT, SUE | |
| 245 | 1 | 0 |
_aECONOMICS A LEVEL: MV - PT / _cGRANT, SUE |
| 700 | 1 | _aYOUNG, RICHARD | |
| 260 |
_a[S.N] : _bMACMILION ، _c1996 |
||
| 300 | _a261 P | ||
| 650 | 0 | 4 | _aECONOMICS, PLANNING |
| 650 | 0 | 4 | _aECONOMICS |
| 650 | 0 | 4 | _aECONOMICS - THEORIES |
| 942 |
_2ddc _cBK |
||
| 999 |
_c15846 _d15846 |
||